Keyser Süze elites: market populism and the politics of institucional change /

Salvato in:
Dettagli Bibliografici
Autore principale: Du Gay, Paul
Natura: testo
Tags: Aggiungi Tag
Nessun Tag, puoi essere il primo ad aggiungerne!!

MARC

LEADER 00000 a a2200000 04500
001 41996
003
040
100 |a Du Gay, Paul  
245 |a Keyser Süze elites:   |b market populism and the politics of institucional change /  |c Paul du Gay  
773 |g páginas 80-102  
999 |c 26673  |d 26673